000 00422nam a2200133Ia 4500
008 100328s9999 xx 000 0 und d
082 _b74644
100 _aदेशमुख के.एस.
245 _aछान छान गोष्टी.
260 _bविद्याभारती.
630 _aछान छान गोष्टी.
730 _aछान छान गोष्टी.
942 _cBOOK
999 _c560365
_d560362